The works of John Newton; vol. 3. (Record no. 16027)

000 -LEADER
fixed length control field 00569nam a2200181 a 4500
001 - CONTROL NUMBER
control field :::00018646$&:&@@
003 - CONTROL NUMBER IDENTIFIER
control field OkBaRHE
005 - DATE AND TIME OF LATEST TRANSACTION
control field 20100331123203.0
008 - FIXED-LENGTH DATA ELEMENTS--GENERAL INFORMATION
fixed length control field s1985 j 000 0 eng u
040 ## - CATALOGING SOURCE
Transcribing agency
100 1# - MAIN ENTRY--PERSONAL NAME
Personal name Newton, John, 1725-1807.
245 14 - TITLE STATEMENT
Title The works of John Newton; vol. 3.
260 ## - PUBLICATION, DISTRIBUTION, ETC. (IMPRINT)
Place of publication, distribution, etc Edinburgh, UK:ST., :
Name of publisher, distributor, etc The Banner of Truth Trust
Date of publication, distribution, etc 1985
300 ## - PHYSICAL DESCRIPTION
Extent v. <1-6> ;
Dimensions 22 cm.
650 ## - SUBJECT ADDED ENTRY--TOPICAL TERM
Topical term or geographic name as entry element Newton, John.
942 ## - ADDED ENTRY ELEMENTS (KOHA)
Source of classification or shelving scheme
Koha item type Books
Copies
Not for loan Barcode Shelving location Source of classification or shelving scheme Lost status Copy number Price effective from Damaged status Koha item type Date acquired Date last seen Permanent Location Full call number Withdrawn status
 18646General Stacks  12010-04-14 Books2010-04-142010-04-14RHEMA Bible Training CollegeBX 8217 .N48 V.3